000 00895nam0a22002531 4500
001 rc\727238
005 20250622111207.0
035 _a(NLR Aleph) 006258250
090 _a6821111
_c6821111
100 _a20040301d1985 |||y0rusy50 ca
101 0 _arus
102 _aRU
105 _ay |||||||||
200 1 _aОтчет о командировке в Австрию
_fАН СССР, ВИНИТИ
210 _aМ.
_cВИНИТИ
_d1985
215 _a13 с.
_d21
300 _aНа 1-й с. авт.: к. ф.-м. н. И.И. Засавицкий
320 _aПеречень науч.-техн. информ. материалов, получ. в период науч. командировки: с. 13
700 1 _aЗасавицкий
_bИ.И.
_gИван Иванович
801 0 _aRU
_bNLR
_gpsbo
801 1 _aRU
_bELAR
_2rusmarc
852 _aNLR
_j86-50К/8088
942 _cBOOK
980 _aNB